000 00345nam a2200133Ia 4500
008 151001s9999||||xx |||||||||||||| ||und||
100 _aराजेंद्र पोळ
245 _aप्रारब्ध
250 _a1
260 _bराजेंद्र प्रकाशन
260 _c2013
300 _a272
365 _b21
999 _c999317
_d999314